| 000 | 00547nam a2200181Ia 4500 | ||
|---|---|---|---|
| 003 | GCL | ||
| 008 | 140319s9999 xx 000 0 ara d | ||
| 040 |
_aGCL / _cGCL |
||
| 082 | 0 | 4 |
_a810.9 _bش ا |
| 100 | 1 | _aشوقى ضيف | |
| 245 | 1 | 0 |
_aاختناقات العصر والصباح / _cشوقى ضيف |
| 260 |
_a[S.N] : _bدار المعارف ، _c1992 |
||
| 490 |
_aمكتبة الدراسات الادبية _v0 |
||
| 650 | 0 | 4 | _aالشعر العربى |
| 650 | 0 | 4 | _aالادب الجاهلى |
| 650 | 0 | 4 | _aالغناء |
| 942 |
_2ddc _cBK |
||
| 999 |
_c55369 _d55369 |
||